Prevalence and molecular characterization of cryptosporidium in immunocompromised patients in Malaysia /
Saved in:
| 主要作者: | |
|---|---|
| 格式: | Thesis 图书 |
| 语言: | English |
| 出版: |
2011.
|
| 主题: | |
| 标签: |
添加标签
没有标签, 成为第一个标记此记录!
|
| LEADER | 00952cam a2200253 a 4500 | ||
|---|---|---|---|
| 001 | u839937 | ||
| 003 | SIRSI | ||
| 005 | 201110040930 | ||
| 008 | 111004n2011 my t 00 0 eng m | ||
| 040 | |a UMP | ||
| 043 | |a a-my--- | ||
| 096 | |a QX4 |b UM 2011 Asmi | ||
| 100 | 0 | |a Asma Iqbal. | |
| 245 | 1 | 0 | |a Prevalence and molecular characterization of cryptosporidium in immunocompromised patients in Malaysia / |c Asma Iqbal. |
| 260 | |c 2011. | ||
| 300 | |a xxii, 267 leaves : |b ill, ; |c 30 cm. | ||
| 502 | |a Thesis (Ph.D.) -- Department of Parasitology, Faculty of Medicine, University of Malaya, 2011. | ||
| 504 | |a Bibliography: leaves 205-239. | ||
| 650 | 1 | 2 | |a Immunologic Deficiency Syndromes |x complications |z Malaysia. |
| 650 | 2 | 2 | |a Cryptosporidium |z Malaysia. |
| 710 | 2 | 0 | |a Universiti Malaya. |b Jabatan Parasitologi. |
| 900 | |a RAH | ||
| 596 | |a 2 | ||
| 999 | |a QX4 UM 2011 ASMI |w NLM |c 1 |i A514786930 |d 25/10/2011 |f 25/10/2011 |g 1 |l TESIS |m P02MEDKL |r Y |s Y |t TESIS |u 25/10/2011 | ||
